000 00297nam a22001217a 4500
008 171127b xxu||||| |||| 00| 0 eng d
041 _aeng
080 _a7
100 _a44
101 _aART
245 _aANIMALS IN ART AND THOUGHT TO THE END OF THE MIDDLE AGES
_cKLINGENDER, F
942 _2udc
_cBK
999 _c38579
_d38579